000 00308nam a22001337a 4500
020 _a0-439-83158-X
082 _a823
_bWAS/U
100 _aWASSERMAN, ROBIN
245 _aUNFABULOUS
_bJINXED!
260 _aUNITED STATES
_bSCHOLASTICS INC
_c2006
300 _a118
650 _aNOVEL
_zUNITED STATES
942 _cBK
999 _c2350
_d2350